000 00638nam a2200229 a 4500
005 20191224041726.0
008 140314b2001 ck ||||| |||| 00| 0 spa d
040 _aCO-BoIAVH
_cCO-BoIAVH
041 _aspa
044 _ack
082 _a711.4
_bM68o
110 1 _bDepartamento Administrativo de Planeación Distrital
245 1 _aObservatorio de dinámica urbana
260 _aBogotá
_bDAPD
_c2001
300 _a230 Paginas
650 6 _aUso del suelo
650 6 _aEspacio Publico
650 6 _aOrdenamiento Territorial
662 _aColombia Bogotá
942 _cLIBRO
_2ddc
945 _d2004-10-06
999 _c4170
_d4170